000 00565nam a22002057a 4500
003 OSt
005 20170213132510.0
008 160427b xxu||||| |||| 00| 0 eng d
020 _a0748740783
040 _cDDC.
082 _a530.1
_bFRE 1998
100 _aFrench, A P
_98026
245 _aAn introduction to quantum physics /
_cA P French, E F Taylor
260 _aCheltenham
_bStanley Thornes
_c1998
300 _axviii, 670p;
_bill :
_c17 cm
504 _aIncludes index
650 _aQuantum physics
_98377
700 _aTaylor, E F
_98378
942 _2ddc
_cSLOAN
999 _c3813
_d3813